| 000 | 00430nam a22001817a 4500 | ||
|---|---|---|---|
| 003 | OSt | ||
| 005 | 20250318130029.0 | ||
| 008 | 250318b |||||||| |||| 00| 0 eng d | ||
| 020 | _a9788195379576 | ||
| 082 |
_a8H3 _b SHAS |
||
| 100 | _aSharatchandra | ||
| 245 | _aSharatchandra ki sarvashresth kahaniya | ||
| 260 |
_aGurugram _bLexicon Books |
||
| 300 | _a328p. | ||
| 546 | _aHindi | ||
| 651 | _a8H3 SHAS | ||
| 942 |
_2ddc _cBK |
||
| 999 |
_c3730 _d3730 |
||